00850cam a2200241 a 450000100100000000500170001000800410002704000250006808200230009310000470011624501130016325000170027626000350029330000190032849000310034750000370037850000420041565000210045765000260047865000300050470000410053483000330057500001617220200929164314.0770617s1942 sp 000 0 spas  aDO-SdBNPbspacBNPHU a862.3bC146a, 19421 aCalderón de la Barca, Pedro,d1600-1681.10aAutos sacramentales /cPedro Calderón de la Barca ; prólogo, edición y notas de Ángel Valbuena Prat. a2a ed. corr. aMadrid :bEspasa-Calpe,c1942. a2 v. ;c20 cm.1 aClásicos castellanosv74 aLa biblioteca posee el volumen 2 aIncluye notas al pie de las páginas 4aTeatro español 4aLiteratura española 4aDrama religioso español1 aValbuena Prat, Ángel,d1900-,eed. 0aClásicos Castellanos ;v74